Guía para Invertir (Registro nro. 6043)
[ vista simple ]
| 000 -LEADER | |
|---|---|
| fixed length control field | 01700 a2200205 4500 |
| 001 - CONTROL NUMBER | |
| control field | 56779 |
| 005 - DATE AND TIME OF LATEST TRANSACTION | |
| control field | 20260407155831.0 |
| 008 - FIXED-LENGTH DATA ELEMENTS--GENERAL INFORMATION | |
| fixed length control field | 260407a2004 arg spa d |
| 003 - CONTROL NUMBER IDENTIFIER | |
| control field | AR-UNSa-BCEJYS |
| 040 ## - CATALOGING SOURCE | |
| Original cataloging agency | AR-UNSa-BCEJYS |
| Language of cataloging | spa |
| Transcribing agency | AR-UNSa-BCEJYS |
| 080 ## - UNIVERSAL DECIMAL CLASSIFICATION NUMBER | |
| Universal Decimal Classification number | 330.567.28 |
| Common auxiliary subdivision | Economía y Finanzas de los particulares |
| 020 ## - INTERNATIONAL STANDARD BOOK NUMBER | |
| International Standard Book Number | 987-04-0005-1 |
| 100 1# - MAIN ENTRY--PERSONAL NAME | |
| Personal name | Kiyosaki, Robert T. |
| 245 10 - TITLE STATEMENT | |
| Title | Guía para Invertir |
| Name of part/section of a work | En qué invierten los ricos ¡ a diferencia de las media y pobre ! |
| 264 #1 - PRODUCTION, PUBLICATION, DISTRIBUTION, MANUFACTURE, AND COPYRIGHT NOTICE | |
| Place of production, publication, distribution, manufacture | Buenos Aires : |
| Name of producer, publisher, distributor, manufacturer | Aguilar |
| Date of production, publication, distribution, manufacture, or copyright notice | 2004 |
| 300 ## - PHYSICAL DESCRIPTION | |
| Extent | 613 p. |
| Dimensions | 24 cm. |
| 505 ## - FORMATTED CONTENTS NOTE | |
| Formatted contents note | 1. ¿En qué debo invertir? – 2. Forjando los cimientos de la riqueza – 3. La elección – 4. ¿Qué clase de mundo ve usted? – 5. ¿Por qué es desconcertante invertir? – 6.La inversión es un plan – 7. ¿Está planificado para ser rico? – 8. Volverse rico es un proceso – 9. ¿Cómo puede encontrar el plan correcto para usted? – 10. Decida ahora que quiere ser cuando crezca – 11. Cada plan tiene un precio – 12. Porque invertir no es un riesgo – 13. ¿De qué lado de la mesa quiere sentarse? – 14. Las reglas básicas de la inversión – 15.Disminuya el riesgo por medio de la educación financiera – 16. La educación financiera me hizo ser sencillo – 17. La magia de los errores – 18. ¿Cuál es el precio de volverse rico? – 19. El acertijo 90-10 – 20. Resolver el acertijo 90-10 – 21. Las categorías de los inversionistas de mi padre rico – 22. El inversionista acelerado – 23. El inversionista calificado – 24. El inversionista sofisticado – 25. El inversionista interno – 26. El inversionista consumado |
| 590 ## - LOCAL NOTE (RLIN) | |
| Local note | niveau_biblio:m niveau_hierar:0 |
| 942 ## - ADDED ENTRY ELEMENTS (KOHA) | |
| Koha item type | |
| Withdrawn status | Lost status | Damaged status | Not for loan | Home library | Current library | Shelving location | Date acquired | Total checkouts | Full call number | Barcode | Date last seen | Price effective from | Koha item type |
|---|---|---|---|---|---|---|---|---|---|---|---|---|---|
| Biblioteca Prof. Eusebio Cleto del Rey | Biblioteca Prof. Eusebio Cleto del Rey | 07/04/2026 | 330.567.28 K46g | L116824 | 07/04/2026 | 07/04/2026 | Libro |